000
00427nam a2200145Ia 4500
008
100204s9999 xx 000 0 und d
082
_b
9922
100
_a
जोखर रामचंद्र्र
245
_a
उष:काल
260
_b
"रावजी प्रकाशन , डोंबिवली"
_c
1987
300
_a
162
630
_a
उष:काल
730
_a
उष:काल
942
_c
BOOK
999
_c
454358
_d
454355